Principium sapientiae: the origins of greek philosophical thought

Salvato in:
Dettagli Bibliografici
Autore principale: Cornford, Francis MacDonald (Autore)
Natura: Libro
Lingua:inglese
Pubblicazione: Londres Cambridge University 1952
Soggetti:
Tags: Aggiungi Tag
Nessun Tag, puoi essere il primo ad aggiungerne!!

MARC

LEADER 00000nam a2200000 a 4500
001 UCZ4006
003 CL-VaPUC
008 951027e19520000UK |||||||||||||||||eng|d
082 0 4 |a 182  |b COR  |2 21 
100 0 |a Cornford, Francis MacDonald  |e author  |9 347872 
245 1 0 |a Principium sapientiae: the origins of greek philosophical thought 
300 |a 270 p 
942 |c BK 
945 |d 19951027 00:00:00  |a lriquelm 
260 |a Londres  |b Cambridge University  |c 1952 
600 0 |a Epicuro  |e autor   |9 314341 
600 0 7 |a ANAXIMANDRO  |2 CL-VaPUC  |9 335243 
600 0 7 |a HESIODO  |2 CL-VaPUC  |9 334567 
650 0 |a Filosofía griega  |9 265579 
650 0 |a Escuelas filosóficas   |9 266232 
650 0 |a Filosofía antigua   |9 255705 
650 0 |a Cosmogonía   |9 268652 
650 0 |a Empirismo  |9 255037 
650 0 |a Teoría del conocimiento   |9 255038 
583 |a last modification  |c 19951027 00:00:00  |k Rodrigo Vera 
999 |c 240445  |d 240443 
952 |0 0  |1 0  |4 0  |6 182_000000000000000_COR_1952  |7 0  |8 P  |9 252313  |a BIBEDU  |b BIBEDU  |c BIBEDU_PB  |d 2019-11-18  |i 1593617  |o 182 COR 1952  |p 1593617  |r 2024-01-25  |w 2019-11-18  |y BK  |k FIL